Vnútropodnikové smernice nevyhnutné pre činnosť každej firmy : užívateľský manuál : verzia 2.9 október 2012

Enregistré dans:
Détails bibliographiques
Auteur principal: Meluchová, Jitka, 1965-
Format: Livre
Langue:slovaque
Publié: Bratislava Verlag Dashöfer 2012
Sujets:
Tags: Ajouter un tag
Pas de tags, Soyez le premier à ajouter un tag!

MARC

LEADER 00000nlm a2200000 4500
001 0163363
005 20251008122957.8
022 |a 1337-7507 
041 0 |a slo 
044 |a SK 
245 1 0 |a Vnútropodnikové smernice  |b nevyhnutné pre činnosť každej firmy : užívateľský manuál : verzia 2.9 október 2012  |c Jitka Meluchová 
264 1 |a Bratislava  |b Verlag Dashöfer  |c 2012 
300 |a CD-ROM [0,3 AH]  |e 2 príl., licenčné číslo 
610 2 0 |a účtovníctvo vnútropodnikové 
610 2 0 |a účtovanie 
610 2 0 |a smernice 
100 1 |a Meluchová, Jitka, 1965-